000 00397cam a2200157ua 4500
041 _aeng
_h
082 _a338.9
_bSCH/TH
100 _aSchumpeter, Joseph.A .
245 _aTheory of economic development /
_cA Joseph Schumpeter.
_hTextual Documents
250 _a1 /
_b.
260 _aNewyork :
_bGalaxy book ,
_c1961.
300 _a255 ; .
504 _a
942 _cBK
999 _c2135
_d2135